000 00860nmm a2200277 a 4500
001 ocm000884654
003 TR-IsHL
005 20201028143853.0
008 141121s2014 tu tur
007 cr cn
020 _a9789754542318
035 _a884654
_b(N$T)
050 0 4 _aPL248.R59
_bS47 2014
090 0 4 _aPL248.R59
_bS47 2014
100 1 _aRıza Tevfik
245 1 0 _aSerab-ı Ömrüm
_h[electronic resource] /
_cRıza Tevfik ; haz. Abdullah Uçman
260 _aİstanbul :
_bÇağrı Yayınları,
_c2014
300 _a163 p.
650 4 _aDil ve Edebiyat
650 4 _aLanguage and Literature
650 0 _aTürk şiiri
650 0 _aTurkish poetry
650 7 _aPOETRY / Middle Eastern
_2bisacsh
700 1 _aUçman, Abdullah
856 4 0 _uhttp://search.ebscohost.com/login.aspx?direct=true&scope=site&db=e011xww&AN=884654
999 _c9130
_d9130